000 01026nam a22003377a 4500
001 BR0305857
003 BR-BrBNA
005 20230928101448.0
007 ta
008 230509b bl.||||| |||| 00| 0 por d
040 _aBR-BrBNA
_bpor
_cBiblioteca Nacional de Agricultura
041 _a(Por)
072 _aF61; F04
_b1410
090 _ 1410 BR0305857
100 1 _aAndrade, A.T.
110 1 _aUniversidade Federal de Lavras, MG (Brasil)
_0Tese (Mestrado)
245 1 _aRelação da aplicação de resíduo orgânico, calcário e gesso com a adsorção de fósforo e produção do feijoeiro em solos de várzea
260 3 _aLavras, MG (Brasil):
_c2001.
300 _a41 p.
500 _aSummaries (Eng, Por); Bibliography p. 27-32; 14 tables; 7 illus.
650 _aFEIJÃO
650 _aVÁRZEA
650 _aRESÍDUO
650 _aCALCÁRIO
650 _aGESSO
650 _aADSORÇÃO
650 _aFÓSFORO
650 _aMATÉRIA ORGÂNICA
909 _a202309
_bLucia
_c55
_dLucia Elande
942 _cBK
999 _c65944
_d65944